Géographie physique, historique et militaire / (Record no. 157297)

MARC details
000 -LEADER
campo de control de longitud fija 00802nam a2200217 i 4500
001 - NÚMERO DE CONTROL
campo de control 157297
003 - IDENTIFICADOR DE NÚMERO DE CONTROL
campo de control ES-MaACL
005 - FECHA Y HORA DE LA ÚLTIMA TRANSACCIÓN
campo de control 20250814070106.0
008 - DATOS DE LONGITUD FIJA--INFORMACIÓN GENERAL
campo de control de longitud fija 040818s1873 fr |||| | fre d
040 ## - FUENTE DE CATALOGACIÓN
Centro catalogador/agencia de origen CAM
Lengua de catalogación spa
Centro/agencia transcriptor CAM
100 1# - ENTRADA PRINCIPAL--NOMBRE DE PERSONA
Nombre de persona Lavallée, Théophile.
9 (RLIN) 128749
245 10 - MENCIÓN DEL TÍTULO
Título Géographie physique, historique et militaire /
Mención de responsabilidad, etc. par Théophile Lavallée.
250 ## - MENCION DE EDICION
Mención de edición 10e ed.
Resto de la mención de edición ent. ref., corr. et aug. par M.P. Martine.
260 ## - PUBLICACIÓN, DISTRIBUCIÓN, ETC.
Lugar de publicación, distribución, etc. Paris :
Nombre del editor, distribuidor, etc. Charpentier et cie.,
Fecha de publicación, distribución, etc. 1873 (
Fabricante Imp. Simon Raçon et Cie.)
300 ## - DESCRIPCIÓN FÍSICA
Extensión XI, 702 p. ;
Dimensiones 19 cm.
650 07 - PUNTO DE ACCESO ADICIONAL DE MATERIA--TÉRMINO DE MATERIA
Término de materia o nombre geográfico como elemento de entrada Geografía física
Fuente del encabezamiento o término embne
9 (RLIN) 13078
650 07 - PUNTO DE ACCESO ADICIONAL DE MATERIA--TÉRMINO DE MATERIA
Término de materia o nombre geográfico como elemento de entrada Geografía histórica
Fuente del encabezamiento o término embne
9 (RLIN) 136174
650 #7 - PUNTO DE ACCESO ADICIONAL DE MATERIA--TÉRMINO DE MATERIA
Término de materia o nombre geográfico como elemento de entrada Geografía militar
Fuente del encabezamiento o término embne
9 (RLIN) 13082
852 ## - LOCALIZACIÓN
Ubicación ES-MaACL
Número de control de estantería G-624
Nota libre -- Enc. hol.
-- -- Legado Calderón
Holdings
Estatus retirado Estado de pérdida Estado de daño No para préstamo Colección Biblioteca de origen Biblioteca actual Ubicación en estantería Fecha de adquisición Fuente de adquisición Total de préstamos Signatura topográfica completa Código de barras Visto por última vez Precio de reemplazo Tipo de ítem Koha
        Libros del s. XIX Biblioteca del Ateneo de Madrid Biblioteca del Ateneo de Madrid Depósito 2 17/01/2008     G-624 1164610 23/02/2023 23/02/2023 Libro impreso antiguo